书目信息 |
| 题名: |
情景对话
|
|
| 作者: | 奥肯邓 , Ockenden 著 ;苏蕾 译 | |
| 分册: | ||
| 出版信息: | 北京 世界图书出版公司北京公司 1998 |
|
| 页数: | 260页 | |
| 开本: | 19cm | |
| 丛书名: | ||
| 单 册: | ||
| 中图分类: | H319.9 | |
| 科图分类: | 41.687 | |
| 主题词: | 英语--口语 , 英语 , 口语 | |
| 电子资源: | ||
| ISBN: | 7-5062-3292-8 | |
| 000 | 00911nam0 2200313 450 | |
| 001 | 0198029390 | |
| 005 | 20100713015329.0 | |
| 010 | @a7-5062-3292-8@dCNY8.60 | |
| 011 | @a7-5062-3292-8 | |
| 100 | @a19980527d1998 em y0chiy0110 ea | |
| 101 | 2 | @achi@aeng |
| 102 | @aCN@b110000 | |
| 105 | @af z 000yy | |
| 106 | @ar | |
| 200 | 1 | @a情景对话@9Qing Jing Dui Hua @e修订版@f(英)[M.奥肯邓]Michael Ockenden著@g苏蕾译 |
| 210 | @a北京@c世界图书出版公司北京公司@d1998 | |
| 215 | @a260页@c插图@d19cm | |
| 300 | @a英汉对照 英国Addison Wesley Longman Ltd.授权出版 | |
| 510 | 1 | @aSituational dialogues@zeng |
| 606 | 0 | @a英语@x口语 |
| 606 | 0 | @a英语 |
| 606 | 0 | @a口语 |
| 690 | @aH319.9@v3 | |
| 692 | @a41.687@v2 | |
| 701 | 1 | @a奥肯邓@9ao ken deng@bM.@4著 |
| 701 | 1 | @aOckenden@bMichael@4著 |
| 702 | 0 | @a苏蕾@9su lei@4译 |
| 801 | 0 | @aCN@b91MARC@c20130904 |
| 905 | @aBZT@dH319.9@e405@f1@sH319.9/405 | |
| 情景对话:修订版/(英)[M.奥肯邓]Michael Ockenden著/苏蕾译.-北京:世界图书出版公司北京公司,1998 |
| 260页:插图;19cm |
| 英汉对照 英国Addison Wesley Longman Ltd.授权出版 |
| ISBN 7-5062-3292-8:CNY8.60 |
| ● |
| 相关链接 |
|
|
|
正题名:情景对话
索取号:H319.9/405
 
预约/预借
| 序号 | 登录号 | 条形码 | 馆藏地/架位号 | 状态 | 备注 |
| 1 | 2000137610 | 2000137610 | 旧书回溯/ [索取号:H319.9/405] | 在馆 |